Microbiology and technology of fermented foods

In Microbiology and Technology of Fermented Foods, Robert Hutkins has written the first text on food fermentation microbiology in a generation. This authoritative volume also serves as a comprehensive and contemporary reference book. A brief history and evolution of microbiology and fermented foods,...

תיאור מלא

שמור ב:
מידע ביבליוגרפי
מחבר ראשי: Hutkins, Robert W.
פורמט: ספר
שפה:Undetermined
יצא לאור: Chicago, Ill. IFT Press 2006
נושאים:
תגים: הוספת תג
אין תגיות, היה/י הראשונ/ה לתייג את הרשומה!
Thư viện lưu trữ: Trung tâm Học liệu Trường Đại học Cần Thơ
LEADER 01535nam a2200217Ia 4500
001 CTU_163023
008 210402s9999 xx 000 0 und d
020 |c 229.99 
082 |a 664.024 
082 |b H981 
100 |a Hutkins, Robert W. 
245 0 |a Microbiology and technology of fermented foods 
245 0 |c Robert W. Hutkins 
260 |a Chicago, Ill. 
260 |b IFT Press 
260 |c 2006 
520 |a In Microbiology and Technology of Fermented Foods, Robert Hutkins has written the first text on food fermentation microbiology in a generation. This authoritative volume also serves as a comprehensive and contemporary reference book. A brief history and evolution of microbiology and fermented foods, an overview of microorganisms involved in food fermentations, and their physiological and metabolic properties provide a foundation for the reader. How microorganisms are used to produce fermented foods and the development of a modern starter culture industry are also described. Successive chapters are devoted to the major fermented foods produced around the world with coverage including microbiological and technological features for manufacture of these foods: Cultured Dairy Products; Cheese; Meat Fermentation; Fermented Vegetables; Bread Fermentation; Beer Fermentation; Wine Fermentation; Vinegar Fermentation; Fermentation of Foods in the Orient. 
650 |a Fermented foods,Fermented foods 
650 |x Microbiology 
904 |i Giang 
980 |a Trung tâm Học liệu Trường Đại học Cần Thơ